Elecciones 98. Informe final del proyecto /

Salvato in:
Dettagli Bibliografici
Autore principale: Fournier Facio, Marco Vinicio
Ente Autore: Universidad de Costa Rica. Vicerrectoría de Investigación. Sistema de Estudios de Posgrado. Maestría Centroamericana en Ciencias Políticas
Altri autori: coord Zeledón Torres, Fernando Cortés Ramos, Alberto
Natura: testo
Pubblicazione: San José: Universidad de Costa Rica
Soggetti:
Tags: Aggiungi Tag
Nessun Tag, puoi essere il primo ad aggiungerne!!

MARC

LEADER 00000 a a2200000 04500
001 27192
003
040
090 |a 184000  
100 |a Fournier Facio, Marco Vinicio  
110 |a Universidad de Costa Rica. Vicerrectoría de Investigación. Sistema de Estudios de Posgrado. Maestría Centroamericana en Ciencias Políticas  
245 |a Elecciones 98. Informe final del proyecto /  |c Marco Vinicio Fournier Facio 
260 |a San José:   |b Universidad de Costa Rica  
300 |a p. irreg   |b **no definido**  
650 |a ENCUESTAS DE OPINION PUBLICA  
650 |a ELECCIONES  
650 |a ACTITUDES  
650 |a COMPORTAMIENTO POLITICO  
650 |a JUVENTUD  
650 |a ACTITUDES  
650 |a ELECCIONES  
700 |a coord   |a Zeledón Torres, Fernando   |a Cortés Ramos, Alberto  
999 |c 12447  |d 12447